000 00508nam a22001932 4500
001 0000006227
005 20170406121330.0
008 160202s xx 000 0 eng d
020 _c$
040 _aYour Holding Symbol
_cYour Holding Symbol
100 1 _aPrichard Constantine.
245 1 0 _aSelected letters of pliny.
250 _a ed.
260 _alondon :
_bClarendon press,
_c1957.
300 _a127 p. ;
_c cm.
504 _aindex.
650 0 _avocabulary.
908 _a160202
999 _c5978
_d5978